Sobre el estudio de la poesía griega
Gardado en:
| Autor Principal: | |
|---|---|
| Formato: | Libro |
| Idioma: | Lingua castelá |
| Publicado: |
Madrid
Akal
1996
|
| Series: | Colección Akal Clásicos del Pensamiento, 1
|
| Subjects: | |
| Tags: |
Engadir etiqueta
Sen Etiquetas, Sexa o primeiro en etiquetar este rexistro!
|
MARC
| LEADER | 00000cam a2200000 a 4500 | ||
|---|---|---|---|
| 001 | UCP5407 | ||
| 003 | CL-VaPUC | ||
| 008 | 990910e19960000SP |||||||||||||||||spa|d | ||
| 020 | |a 8446006375 | ||
| 082 | 0 | 4 | |a 881.09 |b SCH |2 21 |
| 100 | 0 | |a Schlegel, Friedrich |e author |9 433774 | |
| 245 | 1 | 0 | |a Sobre el estudio de la poesía griega |
| 300 | |a 168 p | ||
| 942 | |c BK | ||
| 945 | |d 19990910 00:00:00 |a rbrito | ||
| 260 | |a Madrid |b Akal |c 1996 | ||
| 650 | 7 | |a POESIA GRIEGA |2 CL-VaPUC |9 265054 | |
| 650 | 0 | |a Historia y crítica |9 257407 | |
| 650 | 0 | |a Crítica literaria |9 269189 | |
| 583 | |a last modification |c 20130405 01:17:28 |k Rodrigo Vera | ||
| 490 | 0 | |a Colección Akal Clásicos del Pensamiento, 1 | |
| 999 | |c 283157 |d 283155 | ||
| 952 | |0 0 |1 0 |4 0 |6 881_090000000000000_SCH_1996 |7 0 |8 A |9 325987 |a BIBART |b BIBART |d 2019-11-20 |i 3532194 |o 881.09 SCH 1996 |p 3532194 |r 2025-03-13 |w 2019-11-20 |y BK |k ART | ||
| 952 | |0 0 |1 0 |4 0 |6 881_090000000000000_SCH_1996 |7 0 |8 A |9 325988 |a BIBEDU |b BIBEDU |d 2019-11-20 |i 4962362 |l 1 |o 881.09 SCH 1996 |p 4962362 |r 2022-11-09 |s 2022-11-07 |w 2019-11-20 |y BK |k FIL | ||